|
|
|
|
| LEADER |
00802ncm a22002292a 4500 |
| 001 |
001463324 |
| 003 |
CZ BrMZK |
| 005 |
20150729103401.0 |
| 007 |
qu |
| 008 |
121025s1946 fr |||||||||||||||||fre d |
| 040 |
|
|
|a BOA001
|b cze
|
| 041 |
0 |
|
|a fre
|a eng
|
| 072 |
|
7 |
|a 784
|x Vokální hudba
|2 Konspekt
|9 9
|
| 100 |
1 |
|
|a Debussy, Claude,
|d 1862-1918
|7 jn19990001672
|4 cmp
|4 lyr
|
| 245 |
1 |
0 |
|a Noël des enfants qui n'ont plus de maisons
|h [hudebnina] :
|b chant et piano : (text français et anglais) /
|c Claude Debussy
|
| 260 |
|
|
|a Paris :
|b Durand & Cie,
|c 1946
|
| 300 |
|
|
|a 1 partitura (7 s.)
|
| 546 |
|
|
|a Souběžný anglický text
|
| 910 |
|
|
|a BOA001
|b Mus4-0999.818
|
| 990 |
|
|
|a MU
|
| 991 |
|
|
|b 201503
|
| 996 |
6 |
|
|b 2619062143
|c Mus4-0999.818
|l MZK
|r Sklad / do 1 hodiny
|n 0
|p xerokopie
|w 001498342
|u 000010
|a 1
|e BOA001
|j MZK50
|s P
|